00309nam a2200133Ia 4500008004100000020001500041041001200056082001100068100001700079245003100096260003200127300000800159650000800167221030s9999 xx 000 0 und d a8131805411 aEnglish a105.23 aV. K. Salvia 0aAntenna & Wave Propagation bLaxmi Pub.aNew Delhic2009 a157 aECE